|
|
|
|
| LEADER |
00000cas a2200000 a 4500 |
| 001 |
vtls001293813 |
| 003 |
SK-MaSNL |
| 005 |
20260228163708.0 |
| 008 |
970709d19731986xo zx|p 0 0b0slo |
| 035 |
|
|
|a SNK000245590
|
| 040 |
|
|
|a SNK
|b slo
|c SNK
|e AACR2
|
| 041 |
0 |
|
|a slo
|
| 044 |
|
|
|a xo
|c SK
|
| 072 |
|
7 |
|a 791
|x Film. Cirkus. Ľudová zábava
|2 konspekt
|
| 080 |
|
|
|a 791.2
|2 2011
|
| 080 |
|
|
|a 050
|2 2001
|
| 245 |
0 |
0 |
|a Kino filmotéka ...
|b lektorské materiály k programom študijného kina SFÚ
|
| 260 |
|
|
|a Bratislava
|b Slovenský filmový ústav
|c [1973]-[1986]
|
| 300 |
|
|
|a zv.
|
| 310 |
|
|
|a Nepravidelne
|
| 362 |
0 |
|
|a [1973]-[1986]
|
| 650 |
0 |
7 |
|a filmy
|2 SNKPH
|9 3250
|
| 655 |
|
7 |
|a časopisy
|2 SNKPH
|9 76610
|
| 850 |
|
|
|a Slovenská národná knižnica v Martine
|
| 910 |
|
|
|a snk
|
| 999 |
|
|
|c 10348
|d 12278
|
| 952 |
|
|
|0 0
|1 0
|4 0
|7 0
|8 5
|a SNK
|b SNK
|d 1997-07-09
|i snkF 831/97
|l 0
|o snkČSB 2159/1979
|p 17A0069108
|r 2005-01-02 00:00:00
|w 2026-02-21
|y PREZ
|